Estatísticas para 5 Cidades Mais Populosas por Continente

Clique aqui para jogar o quiz

Estatísticas Gerais

  • Esse quiz foi jogado 2 290 vezes
  • A pontuação média é 16 de 30

Estatísticas das Respostas

ContinentePopulaçãoCidade% Correto
América do Sul22.4 miSão Paulo
95%
América do Sul13.2 miRio de Janeiro
92%
Europa11.4 miParis
88%
América do Sul16.4 miBuenos Aires
87%
Europa14.8 miLondres
86%
Ásia40.4 miTóquio
83%
América do Norte22.1 miNova Iorque
82%
Europa17.3 miMoscou
78%
Europa6.55 miMadri
76%
América do Norte23.0 miCidade do México
74%
América do Norte17.7 miLos Angeles
70%
África21.0 miCairo
65%
América do Sul9.60 miBogotá
64%
América do Sul10.1 miLima
63%
Oceania5.30 miSydney
55%
Ásia33.6 miShanghai
53%
América do Norte9.75 miChicago
44%
América do Norte8.55 miWashington D.C.
41%
África13.9 miJoanesburgo
40%
África19.4 miLagos
40%
Oceania4.98 miMelbourne
37%
Europa16.0 miIstambul
36%
Ásia31.3 miJakarta
32%
Oceania1.41 miAuckland
25%
África8.15 miLuanda
25%
Ásia30.3 miDelhi
24%
Ásia46.7 miGuangzhou
18%
África12.4 miKinshasa
18%
Oceania2.08 miPerth
18%
Oceania3.15 miBrisbane
15%

Distribuição das Pontuações

Percentil de Números Respondidos

Porcentagem de Pessoas com Cada Pontuação

Sua Pontuação Histórica

Você não jogou esse quiz